000 01552cad a2200361 a 4500
001 8862452
003 ARRUPE
005 20130924110709.0
006 m m
007 cr mnummmmuuuu
008 031027s1991 enk sb 001 0 eng d
010 _a90014170
020 _a0198148909
035 _a(NyNyACL)HEB01470
035 _a(NNC)8862452
040 _aMiU
_cMiU
050 _aKJA2233.
_bT74 1991
090 _b(INTERNET)
100 1 _aTreggiari, Susan.
_9877
245 1 0 _aRoman marriage
_h[electronic resource] :
_biusti coniuges from the time of Cicero to the time of Ulpian /
_cSusan Treggiari.
260 _aOxford :
_bClarendon Press ;
_aNew York :
_bOxford University Press,
_c1991.
300 _axv, 578 p. ;
_c25 cm.
504 _aIncludes bibliographical references (p. [527]-546) and index.
533 _aElectronic text and image data.
_bAnn Arbor, Mich. :
_cUniversity of Michigan, Scholarly Publishing Office,
_d2003.
_eIncludes both TIFF files and keyword searchable text.
_f([ACLS Humanities E-Book])
_nMode of access: Intranet.
_nThis volume is made possible by a grant from the Andrew W. Mellon Foundation.
650 0 _aMarriage (Roman law)
_9878
655 0 _aElectronic books.
_9879
710 2 _aAmerican Council of Learned Societies.
_9880
773 0 _tACLS Humanities E-Book.
_nURL: http://www.humanitiesebook.org/
830 0 _aACLS Humanities E-Book.
_9881
856 4 0 _uhttp://www.columbia.edu/cgi-bin/cul/resolve?clio8862452
_zClick here for full text.
942 _2lcc
_cMONOGRAPH
999 _c117949
_d117949